Regionalizácia - nástroj riadenia cestovného ruchu v území
Rajonizácia cestovného ruchu v Československu s dôrazom na prírodné a antropogénne podmienky. Vznik samostatnej Slovenskej republiky a nové spracovanie regionalizácie cestovného ruchu. Kategorizácia regiónov z hľadiska ich významu : s medzinárodným významom, s prevažne národným významom, s nadregion...
Salvato in:
| Autore principale: | |
|---|---|
| Natura: | Capitolo di libro |
| Lingua: | slovacco |
| Soggetti: | |
| Tags: |
Nessun Tag, puoi essere il primo ad aggiungerne!!
|
MARC
| LEADER | 00000naa$a2200000$$$4500 | ||
|---|---|---|---|
| 001 | 0023335 | ||
| 005 | 20231016071604.3 | ||
| 041 | 0 | |a slo | |
| 044 | |a SK | ||
| 245 | 1 | 0 | |a Regionalizácia - nástroj riadenia cestovného ruchu v území |c Marián Gúčik |
| 520 | |a Rajonizácia cestovného ruchu v Československu s dôrazom na prírodné a antropogénne podmienky. Vznik samostatnej Slovenskej republiky a nové spracovanie regionalizácie cestovného ruchu. Kategorizácia regiónov z hľadiska ich významu : s medzinárodným významom, s prevažne národným významom, s nadregionálnym významom a s regionálnym významom. Regionalizácia a ekologický prístup k rozvoju cestovného ruchu. Podpora zamestnanosti v oblastiach s vhodným potenciálom pre cestovný ruch. | ||
| 610 | 2 | 0 | |a ruch cestovný |
| 610 | 2 | 0 | |a ruch cestovný aktívny |
| 610 | 2 | 0 | |a ruch cestovný domáci |
| 610 | 2 | 0 | |a regionalizácia |
| 610 | 2 | 0 | |a regióny |
| 610 | 2 | 0 | |a rozvoj trvalo udržateľný |
| 610 | 2 | 0 | |a politika ruchu cestovného |
| 610 | 2 | 0 | |a podnikanie |
| 610 | 2 | 0 | |a investície |
| 100 | 1 | |a Gúčik, Marián | |